| 000 | 00885nam a22003017a 4500 | ||
|---|---|---|---|
| 003 | CHAP | ||
| 005 | 20220329133340.0 | ||
| 008 | 971013s r 00010 d | ||
| 010 | _a5246 | ||
| 011 | _a6218 | ||
| 035 | _a5438 | ||
| 040 | _cCHAP | ||
| 090 | _aR-3378 | ||
| 100 | 0 | 0 |
_aKowalcwski, Von Z. _963815 |
| 245 | _aNeve flavanonheteroside en Crataegus phenophyrun | ||
| 500 | _a56-201 | ||
| 500 | _aSobretiro de: Planta médica 19(4); 311-317 p., 1971 | ||
| 590 |
_aBATCH-UPD _b10 _c20130110 _lUCH01 _h2041 |
||
| 590 |
_aBATCH-UPD _b10 _c20130410 _lUCH01 _h1355 |
||
| 590 |
_aBATCH-UPD _b10 _c20130914 _lUCH01 _h1418 |
||
| 590 |
_aCONVERSION _b10 _c20130109 _lUCH01 _h1304 |
||
| 650 | 1 | 4 |
_aFlavonoides. _941237 |
| 650 | 1 | 4 |
_aTejocote _xAnálisis. _9112034 |
| 700 | 0 |
_aMrugasiewics, K. _979237 |
|
| 901 | _aBK | ||
| 942 | _cREIMP | ||
| 949 |
_aR-3378 _bBC _cR _d-15019 _eTS1 _i5438 _si |
||
| 999 |
_c5246 _d5246 |
||